000 00286nam a22001337a 4500
008 170927b xxu||||| |||| 00| 0 eng d
020 _a0137791577
041 _aeng
080 _a37
100 _a47
101 _aEDU
245 _aRETURING TO SCHOOL
_cSHANE.D.L
942 _2udc
_cBK
999 _c30229
_d30229